| 000 | 01000nam a2200229Ii 4500 | ||
|---|---|---|---|
| 003 | JO-AjNU | ||
| 008 | 230605s9999||||xx |||||||||||||| ||und|| | ||
| 017 | _a2021/9/5387 | ||
| 020 | _a978-9923-15-125-9 | ||
| 040 |
_aJO-AjNU _bara _erda _cJO-AjNU |
||
| 041 | _aara | ||
| 050 | 1 | 4 | _aKMM90.5.2022 |
| 100 | 3 |
_aيحيى، ابراهيم خالد, _eauthor _962803 |
|
| 245 | 0 | 0 | _aشرح قانون المالكين والمستأجرين الاردني لسنة 1953 في ضوء الفقة والاجتهاد القضائي: دراسة مقارنة بقانون المالكين والمستاجرين الأردني لسنة 1994 وتعديلانة |
| 250 | _aط1 | ||
| 264 | 3 | 1 | _aعمان: دار الثقافة للنشر والتوزيع، 2022 |
| 300 | _a400ص | ||
| 336 |
_atext _btxt _2rdacontent |
||
| 337 |
_aunmediated _bn _2rdamedia |
||
| 338 |
_avolume _bnc _2rdacarrier |
||
| 650 | 4 |
_aقانون المالكين والمستأجرين-القانون المدني-الاردن _962804 |
|
| 999 |
_aA28456 _c32024 _d32024 |
||